Anagrammes de fleurs - Statistiques

Statistiques générales
  • Ce quiz a été pris 570 fois
  • Le résultat moyen est 9 sur 14
Statistiques - réponses
Anagramme Fleur % Correct
Siri Iris
98%
Sil Lis
98%
Oser Rose
98%
Tipule Tulipe
96%
Salli Lilas
86%
Olivette Violette
83%
Blutée Bleuet
81%
Vandale Lavande
66%
Tenge Genet
59%
Inélégant Eglantine
39%
Rates Aster
34%
Arsenics Narcisse
34%
Nicolae Ancolie
24%
Manguier Geranium
20%
Aucun quiz correspondant
Distribution des résultats
% des personnes avec chaque résultat
Percentile par nombre de réponses
Votre historique - résultats
Vous n’avez pas pris ce quiz